<?xml version="1.0" encoding="UTF-8"?><?xml-stylesheet type="text/xsl" href="static/style.xsl"?><OAI-PMH xmlns="http://www.openarchives.org/OAI/2.0/" xmlns:xsi="http://www.w3.org/2001/XMLSchema-instance" xsi:schemaLocation="http://www.openarchives.org/OAI/2.0/ http://www.openarchives.org/OAI/2.0/OAI-PMH.xsd"><responseDate>2026-04-29T04:08:42Z</responseDate><request verb="GetRecord" identifier="oai:repisalud.isciii.es:20.500.12105/5968" metadataPrefix="marc">https://repisalud.isciii.es/rest/oai/request</request><GetRecord><record><header><identifier>oai:repisalud.isciii.es:20.500.12105/5968</identifier><datestamp>2025-04-02T08:36:07Z</datestamp><setSpec>com_20.500.12105_2203</setSpec><setSpec>com_20.500.12105_2202</setSpec><setSpec>col_20.500.12105_19585</setSpec></header><metadata><record xmlns="http://www.loc.gov/MARC21/slim" xmlns:dcterms="http://purl.org/dc/terms/" xmlns:doc="http://www.lyncode.com/xoai" xmlns:xsi="http://www.w3.org/2001/XMLSchema-instance" xsi:schemaLocation="http://www.loc.gov/MARC21/slim http://www.loc.gov/standards/marcxml/schema/MARC21slim.xsd">
   <leader>00925njm 22002777a 4500</leader>
   <datafield ind2=" " ind1=" " tag="042">
      <subfield code="a">dc</subfield>
   </datafield>
   <datafield ind2=" " ind1=" " tag="720">
      <subfield code="a">Instituto de Salud Carlos III. Gabinete de prensa</subfield>
      <subfield code="e">author</subfield>
   </datafield>
   <datafield ind2=" " ind1=" " tag="260">
      <subfield code="c">2013-08-19</subfield>
   </datafield>
   <datafield ind2=" " ind1=" " tag="520">
      <subfield code="a">Nota de prensa en la que se trata de controlar la entrada de insectos capaces de transmitir enfermedades exóticas con microbiologos del ISCIII. A través de distintas actuaciones los investigadores, tratan de evitar que insectos transmisores de enfermedades propias del trópico o subtrópico se asienten en España. Una de sus labores de vigilancia es el control de la malaria para impedir que el paludismo se reintroduzca en la Península. Los actos básicos consisten en muestreos mensuales, mediante unas trampas específicas, para la captura de mosquitos en diferentes estaciones de muestreo fijas localizadas en los aeropuertos civiles de Barajas ( Madrid), El Prat (Barcelona), Zaragoza, Baleares y Canarias y en las bases áreas de Torrejón ( Madrid) y Zaragoza. En el caso de que se identificara alguna especie exótica de interés para la salud pública, hecho que aún no ha sucedido hasta, se pondría en marcha un protocolo establecido para evitar</subfield>
   </datafield>
   <datafield ind1="8" ind2=" " tag="024">
      <subfield code="a">http://hdl.handle.net/20.500.12105/5968</subfield>
   </datafield>
   <datafield tag="653" ind2=" " ind1=" ">
      <subfield code="a">transmitir enfermedades exóticas</subfield>
   </datafield>
   <datafield ind2="0" ind1="0" tag="245">
      <subfield code="a">Microbiólogos del Instituto de Salud Carlos III vigilan y controlan la entrada de insectos capaces de transmitir enfermedades exóticas</subfield>
   </datafield>
</record></metadata></record></GetRecord></OAI-PMH>